Statistiche per Primi 10 paesi interessati da Covid-19 - 16 aprile

Clicka qui per fare il quiz!

Statistiche generali

  • Questo quiz è stato fatto 28 volte
  • Il punteggio medio è 9 su 14

Statistiche sulle risposte

rate per
million
nazione% Corretto
Cina
96%
2031Francia
96%
..Germania
96%
2586Italia
96%
3568Spagna
96%
1687Stati Uniti
96%
Regno Unito
78%
2937Svizzera
59%
2558Belgio
41%
Iran
37%
1627Portogallo
37%
..Paesi Bassi
33%
1955Irlanda
22%
Turchia
22%

Distribuzione punteggi

Percentile per numero di risposta

Percentuale di utenti per punteggio

I tuoi punteggi nel tempo

Non hai fatto questo quiz